000 03175cam a2200469Ii 4500
001 925544683
003 OCoLC
005 20241110201811.0
006 m o d
007 cr cu|||||||||
008 151020t20162016paua ob 001 0 eng d
010 _a 2015008633
016 7 _a101652996
_2DNLM
020 _q(alk. paper)
_a1451192754
020 _q(alk. paper)
_a9781451192759
035 _a(OCoLC)925544683
_z(OCoLC)921871309
040 _aFFQ
_beng
_erda
_epn
_cFFQ
_dDKU
_dOCLCF
_dCUX
_dOCLCQ
_dOCLCO
_dOCLCQ
_dYDX
_dUAB
_dTFH
_dOCLCO
049 _aYYEA
080 _a612
_bP-32
096 _aWG 200 P2973 2016
100 _9125
_aLilly, S. Leonard
245 0 0 _aPathophysiology of heart disease :
_ba collaborative project of medical students and faculty /
_ceditor, Leonard S. Lilly.
250 _a6th ed.
260 _aPhiladelphia :
_bWolters Kluwer,
_c[2016]
300 _axi, 467 pages :
_billustrations (chiefly color)
365 _b33.29 usd
500 _aEINSTEIN: available online via LWW Health Library. See Reference staff for assistance.
504 _aIncludes bibliographical references and index.
505 0 _aNormal cardiac structure and function / Jacob E. Lemieux, Elazer R. Edelman, Gary Strichartz, and Leonard S. Lilly -- The cardiac cycle: mechanisms of heart sounds and murmurs / David B. Fischer and Leonard S. Lilly -- Cardiac imaging and catheterization / Diana M. López and Patricia Challender Come -- The electrocardiogram / David B. Fischer and Leonard S. Lilly -- Atherosclerosis / SarrahShahawy and Peter Libby -- Ischemic heart disease / Jayme Wilder, Marc S. Sabatine, and Leonard S. Lilly -- Acute coronary syndromes / Jayme Wilder, Marc S. Sabatine, and Leonard S. Lilly -- Valvular heart disease / Elizabeth Ryznar, Patrick T. O'Gara, and Leonard S. Lilly -- Heart failure / David Miranda, Gregory Lewis and Michael A. Fifer -- The cardiomyopathies / P. Connor Johnson, G. William Dec, and Leonard S. Lilly -- Mechanisms of cardiac arrhythmias / Morgan J. Prust, William G. Stevenson, Gary R. Strichartz, and Leonard S. Lilly -- Clinical aspects of cardiac arrhythmias / Morgan J. Prust, William G. Stevenson, and Leonard S. Lilly -- Hypertension / Joshua Drago, Gordon H. Williams, and Leonard S. Lilly -- Diseases of the pericardium / Leonard S. Lilly -- Diseases of the peripheral vasculature / SruthiRenati and Mark A. Creager -- Congenital heart disease / Zena L. Knight and David W. Brown -- Cardiovascular drugs / Andrey V. Dolinko, Michael T. Kuntz, Elliott M. Antman, Gary R. Strichartz, and Leonard S. Lilly.
588 0 _aPrint version record.
590 _ac.1 10071106 Ritt 3/2/17 $53.99.
650 2 _aHeart Diseases
_xphysiopathology.
650 0 _aMedicine
_969
650 0 _aPathology
_9112
653 _aპათოლოგია
653 _aპათოფიზიოლოგია
653 _aმედიცინა
700 1 _aLilly, Leonard S.
710 2 _aHarvard Medical School.
776 0 8 _iPrint version:
_tPathophysiology of heart disease.
_bEdition 6.
_dPhiladelphia : Wolters Kluwer, [2016]
_z9781451192759
_w(DLC) 2015008633
_w(OCoLC)904424085.
942 _2udc
_cBK
_e6
999 _c25
_d25